The Time For Decision/ (Record no. 13038)
[ view plain ]
| 000 -LEADER | |
|---|---|
| fixed length control field | 00933cam a22002531 4500 |
| 001 - CONTROL NUMBER | |
| control field | 3581905 |
| 005 - DATE AND TIME OF LATEST TRANSACTION | |
| control field | 20061025155523.0 |
| 008 - FIXED-LENGTH DATA ELEMENTS--GENERAL INFORMATION | |
| fixed length control field | 731023s1944 nyu | 000 0 eng d |
| 010 ## - LIBRARY OF CONGRESS CONTROL NUMBER | |
| LC control number | 44006080 |
| 040 ## - CATALOGING SOURCE | |
| Original cataloging agency | DLC |
| Transcribing agency | DLC |
| Modifying agency | DLC |
| 043 ## - GEOGRAPHIC AREA CODE | |
| Geographic area code | n-us--- |
| 050 00 - LIBRARY OF CONGRESS CALL NUMBER | |
| Classification number | E744 |
| Item number | .W52 |
| 082 00 - DEWEY DECIMAL CLASSIFICATION NUMBER | |
| Classification number | 327.73 |
| Item number | WEL |
| Edition number | 22 |
| 100 1# - MAIN ENTRY--PERSONAL NAME | |
| Personal name | Welles, Sumner, |
| Dates associated with a name | 1892-1961. |
| 9 (RLIN) | 9936 |
| 245 14 - TITLE STATEMENT | |
| Title | The Time For Decision/ |
| Statement of responsibility, etc | Sumner Welles |
| 260 ## - PUBLICATION, DISTRIBUTION, ETC. (IMPRINT) | |
| Place of publication, distribution, etc | New York: |
| Name of publisher, distributor, etc | Harper & brothers, |
| Date of publication, distribution, etc | 1944 |
| 300 ## - PHYSICAL DESCRIPTION | |
| Extent | vii p., 431 p.; |
| Dimensions | 23 cm. |
| 500 ## - GENERAL NOTE | |
| General note | Donated by: Alaa Abdel Ghany |
| 650 #0 - SUBJECT ADDED ENTRY--TOPICAL TERM | |
| Topical term or geographic name as entry element | World War, 1939-1945 |
| Geographic subdivision | United States. |
| 9 (RLIN) | 9937 |
| 650 #0 - SUBJECT ADDED ENTRY--TOPICAL TERM | |
| Topical term or geographic name as entry element | Reconstruction (1939-1951) |
| 9 (RLIN) | 9938 |
| 651 #0 - SUBJECT ADDED ENTRY--GEOGRAPHIC NAME | |
| Geographic name | United States |
| General subdivision | Foreign relations |
| Chronological subdivision | 1933-1945. |
| 9 (RLIN) | 9939 |
| 942 ## - ADDED ENTRY ELEMENTS (KOHA) | |
| Source of classification or shelving scheme | Dewey Decimal Classification |
| Item type | Book - Borrowing |
| Withdrawn status | Item status | Source of classification or shelving scheme | Damaged status | Not for loan | Vendor | Home library | Current library | Shelving location | Date acquired | Source of acquisition | Total Checkouts | Full call number | Barcode | Date last seen | Koha item type | Public note |
|---|---|---|---|---|---|---|---|---|---|---|---|---|---|---|---|---|
| Dewey Decimal Classification | Central Library | Central Library | First floor | 14/12/2009 | Donation | 327.73 WEL | 000019265 | 15/07/2025 | Book - Borrowing | Donated by Alaa Abdel Ghaney |